PR-SOF-1113-STUDY OF SUSPENSION SYSTEM OF A TRACK VEHICLE AND DESIGN ANLYSIS OF TORISION BAR OF MAIN BATTLE TANK AL-KHALID (Record no. 578307)

000 -LEADER
fixed length control field 00403nam a22001217a 4500
082 ## - DEWEY DECIMAL CLASSIFICATION NUMBER
Classification number 220 PRO
100 ## - MAIN ENTRY--PERSONAL NAME
Personal name HASSAM,HAMMAD
9 (RLIN) 72143
245 ## - TITLE STATEMENT
Title PR-SOF-1113-STUDY OF SUSPENSION SYSTEM OF A TRACK VEHICLE AND DESIGN ANLYSIS OF TORISION BAR OF MAIN BATTLE TANK AL-KHALID
260 ## - PUBLICATION, DISTRIBUTION, ETC.
Place of publication, distribution, etc. ISLAMABAD
Name of publisher, distributor, etc. NUST COLLEGE OF EME
Date of publication, distribution, etc. 2011
650 ## - SUBJECT ADDED ENTRY--TOPICAL TERM
Topical term or geographic name entry element DE-MECH-29
700 ## - ADDED ENTRY--PERSONAL NAME
Personal name DR SYED WAHEED UL HAQ,
9 (RLIN) 18639
942 ## - ADDED ENTRY ELEMENTS (KOHA)
Koha item type Continuing Resources
Holdings
Withdrawn status Lost status Damaged status Not for loan Permanent Location Current Location Shelving location Date acquired Total Checkouts Full call number Barcode Date last seen Price effective from Koha item type
        College of Electrical & Mechanical Engineering (CEME) College of Electrical & Mechanical Engineering (CEME) Reference 12/11/2019   220 PRO PR-SOF-1113 06/28/2021 06/28/2021 Continuing Resources
© 2023 Central Library, National University of Sciences and Technology. All Rights Reserved.